000 00838nam a2200217Ia 4500
003 GCL
008 140319s9999 xx 000 0 ara d
040 _aGCL /
_cGCL
082 0 4 _aم ع
_b910.3
_bب م
100 1 _aمصطفى السقا
245 1 0 _aمعجم مااستعجم من اسماء البلاد والمواضع /
_cمصطفى السقا
700 1 _aالبكرى الاندلسى ، ابوعبيد عبدالله بن عبدالعزيز بن محمد 432 - 487 هـ
260 _aالقاهرة :
_bمطبعة لجنة التأليف والترجمة والنشر ،
_c1945
300 _a352 ص ؛
_c24 سم
650 0 4 _aالمعاجم
650 0 4 _aالجغرافيا
650 0 4 _aتقاويم البلدان
650 0 4 _aالمعاجم الموضوعية
650 0 4 _aوصف ورحلات
942 _2ddc
_cBK
999 _c59532
_d59532